Historia de la filosofía
Sparad:
| Materialtyp: | Bok |
|---|---|
| Språk: | spanska |
| Publicerad: |
Ciudad de México
Siglo Veintiuno
1987
|
| Upplaga: | 6a. ed |
| Ämnen: | |
| Taggar: |
Lägg till en tagg
Inga taggar, Lägg till första taggen!
|
MARC
| LEADER | 00000nam a2200000 a 4500 | ||
|---|---|---|---|
| 001 | UCL1514 | ||
| 003 | CL-VaPUC | ||
| 008 | 030911e19870000MX |||||||||||||||||spa|d | ||
| 020 | |a 8432301124 obra completa | ||
| 020 | |a 843230414X v.10 | ||
| 082 | 0 | 4 | |a 109 |b HIS |2 21 |
| 245 | 1 | 0 | |a Historia de la filosofía |
| 250 | |a 6a. ed | ||
| 300 | |a v | ||
| 942 | |c BK | ||
| 945 | |d 20030911 00:00:00 |a vberengu | ||
| 260 | |a Ciudad de México |b Siglo Veintiuno |c 1987 | ||
| 500 | |a v.10: La filosofía en el siglo XX | ||
| 650 | 0 | |a Historia de la filosofía |9 256920 | |
| 583 | |a last modification |c 20160907 02:29:45 |k Rodrigo Vera | ||
| 999 | |c 305050 |d 305048 | ||
| 952 | |0 0 |1 2 |4 0 |6 109_000000000000000_HIS_1987 |7 0 |8 A |9 367996 |a BIBTEO |b BIBTEO |d 2019-11-21 |h v.10 |i 2077310 |o 109 HIS 1987 |p 2077310 |r 2019-11-21 |w 2019-11-21 |y BK |k ICR | ||
| 952 | |0 0 |1 0 |4 0 |6 109_000000000000000_HIS_1987 |7 0 |8 P |9 367997 |a BIBEDU |b BIBEDU |c BIBEDU_PB |d 2019-11-21 |h v.10 |i 3061248 |o 109 HIS 1987 |p 3061248 |r 2024-01-25 |w 2019-11-21 |y BK |k FIL | ||